| 000 | 00809cam a22001811 4500 | ||
|---|---|---|---|
| 082 |
_a333.7924 _bWIM _cL-30, p-29 |
||
| 100 | 1 |
_aWimperis, Harry Egerton, _937014 |
|
| 245 | 1 | 0 |
_aWorld power and atomic energy, _bthe impact on international relations. |
| 260 |
_aLondon, _bConstable _c[1946] |
||
| 300 |
_aviii, 87 p. _b5 plates. _c20cm. |
||
| 500 | _a"[An expansion of] the survey I made, at the invitation of the Royal Institute of International Affairs, of 'The impact upon international relations of the new weapons,' published in their journal, The world to-day (Sept. 1945)" - Pref. | ||
| 500 | _aAt head of title : H. E. Wimperis. | ||
| 526 |
_a0 _b0 _c0 _d333_792400000000000_WIM |
||
| 650 | 0 |
_aAtomic bomb. _937015 |
|
| 650 | 0 | _aInternational relations. | |
| 650 | 0 | _aNuclear energy. | |
| 942 |
_2ddc _cBK |
||
| 999 |
_c541943 _d541943 |
||